[Event "Capablanca Memorial op-B 48th"]
[Site "Havana"]
[Date "2013.04.24"]
[Round "4"]
[White "Dayan Sutton, Isaac"]
[Black "Riera Mestres, Josep"]
[Result "0-1"]
[WhiteElo "1971"]
[BlackElo "1521"]
[PlyCount "82"]
[EventDate "2013.04.21"]
[EventType "swiss"]
[EventRounds "9"]
[EventCountry "CUB"]
[SourceTitle "CBM 154 Extra"]
[Source "ChessBase"]
[SourceDate "2013.06.25"]
[SourceVersion "2"]
[SourceVersionDate "2013.06.25"]
[SourceQuality "1"]

1. e4 c5 2. Nf3 e6 3. d3 Nc6 4. Nbd2 Nf6 5. g3 Qc7 6. Bg2 d5 7. c3 Be7 8. 0-0 0-0 9. Qe2 dxe4 10. dxe4 e5 11. Re1 a6 12. Nf1 b5 13. h3 Be6 14. Ng5 Bc4 15. Qc2 h6 16. Nf3 Rad8 17. N3d2 Be6 18. Ne3 c4 19. a4 Bc5 20. Ndf1 Qc8 21. Kh2 Rd3 22. axb5 axb5 23. Qe2 Rfd8 24. g4 b4 25. b3 cxb3 26. Nd5 Rxc3 27. Nxf6+ gxf6 28. Ne3 Nd4 29. Qf1 Nc2 30. Nxc2 Rxc2 31. Re2 Bc4 32. Bf3 Bxe2 33. Bxe2 b2 34. Bxb2 Rxb2 35. Ba6 Qb8 36. Qc1 Rxf2+ 37. Kg3 Qb6 38. Qxh6 Be3 39. Qh5 Bf4+ 40. Kh4 Bg5+ 41. Kg3 Qe3# 0-1

[Event "Barcelona Sant Marti op-B 14th"]
[Site "Barcelona"]
[Date "2012.07.15"]
[Round "3"]
[White "Beaskoa Estany, Gabriel"]
[Black "Dayan Sutton, Isaac"]
[Result "0-1"]
[WhiteElo "1809"]
[BlackElo "1891"]
[PlyCount "102"]
[EventDate "2012.07.13"]
[EventType "swiss"]
[EventRounds "9"]
[EventCountry "ESP"]
[SourceTitle "CBM 149 Extra"]
[Source "ChessBase"]
[SourceDate "2012.08.24"]
[SourceVersion "1"]
[SourceVersionDate "2012.08.24"]
[SourceQuality "1"]

1. e4 e5 2. Nf3 Nc6 3. d4 exd4 4. Nxd4 Bc5 5. Nxc6 Qf6 6. Qf3 dxc6 7. Qxf6 Nxf6 8. f3 Be6 9. Nc3 h6 10. Bd2 0-0-0 11. a3 Bf2+ 12. Ke2 Bd4 13. Be3 Bxc3 14. bxc3 Bc4+ 15. Kf2 Bxf1 16. Rhxf1 Rd7 17. Rfd1 Rhd8 18. Rxd7 Rxd7 19. Ke2 Ne8 20. Bd4 b6 21. a4 c5 22. Be5 Kb7 23. h4 Kc6 24. g4 Re7 25. Bg3 Rd7 26. g5 h5 27. Be5 Kb7 28. Ke3 Ka6 29. Bg3 Ka5 30. e5 g6 31. Be1 c4 32. Ke4 Ng7 33. f4 c6 34. Kf3 Rd5 35. Ke4 Ka6 36. Ke3 Kb7 37. Ke4 Kc7 38. Rb1 Nf5 39. Rb4 Rd1 40. Bf2 Rf1 41. Kf3 Nxh4+ 42. Ke2 Rh1 43. Rxc4 Nf5 44. Re4 Kd7 45. a5 Ra1 46. axb6 axb6 47. Bxb6 Ng3+ 48. Kf3 Nxe4 49. Kxe4 Rf1 50. Ke3 h4 51. Ke2 Rxf4 0-1